Over/Under: Geography Quiz Stats

Quiz Updated Aug 18, 2017

Challenge
Share
Tweet
Embed
Score 0/24 Timer 03:00
4 Plays Today
Question and Number Actual is Over or Under % Correct
Boroughs of New York City: 4???
89.1%
Main Hawaiian islands: 3???
84.4%
Miles between Vatican City and Rome: 3???
74.6%
Hills of Rome: 9???
71.3%
Canadian provinces: 12???
69.6%
Cantons of Switzerland: 40???
68%
Former Soviet Republics: 17???
67.2%
Countries that border China: 10???
63.2%
5-letter countries: 18???
60.9%
Miles from New York to L.A.: 3,580???
60.6%
European Union countries: 23???
59.5%
Time zones on Earth: 24???
59.5%
Question and Number Actual is Over or Under % Correct
Landlocked countries: 36???
59.4%
U.S. states that border Canada: 9???
57.7%
Stars on the Australian flag: 7???
56.9%
Countries in Central America: 11???
56.2%
Korean DMZ parallel: 45th???
55.7%
Organ. of Amer. States members: 25???
51.6%
Countries entirely surrounded by another: 5???
51.2%
Nations that border the Mediterranean: 18???
49.8%
Length, in miles, of U.S.-Canada border: 4,525???
49.6%
Minarets of the Taj Mahal: 6???
49.4%
Japanese Prefectures: 28???
42.6%
Countries crossed by the equator: 21???
34.3%

You're not logged in!

Compare scores with friends on all Sporcle quizzes.
Sign Up with Email
OR
Log In

You Might Also Like...

Show Comments

Extras

Top Quizzes Today


Score Distribution

Your Account Isn't Verified!

In order to create a playlist on Sporcle, you need to verify the email address you used during registration. Go to your Sporcle Settings to finish the process.